Chaîne de lettres Pokémon Type Dragon - Statistiques

Statistiques générales
  • Ce quiz a été pris 47 fois
  • Le résultat moyen est 7 sur 9
Statistiques - réponses
Indice Pokémon % Correct
Légendaire de Pokémon Noir Reshiram
93%
Évolution Finale du Pseudo-légendaire 3g Drattak
90%
Miraidon et Koraidon en serait des pokémons paradoxes Motorizard
88%
Pré-évolution de Tranchodon Incisache
86%
Évolution de Venalgue Kravarech
83%
Pré-évolution de Bruyverne Sonistrelle
81%
Pokémon à l'origine du Gigamax Éthernatos
79%
Évolution Finale du Pseudo-légendaire 7g Ékaïser
74%
Pokémon de prédiléction de Sandra Hyporoi
64%
Aucun quiz correspondant
Distribution des résultats
% des personnes avec chaque résultat
Percentile par nombre de réponses
Votre historique - résultats
Vous n’avez pas pris ce quiz